Catálogo público

El poder del lenguaje / (Record no. 208949)

MARC details
000 -CABECERA
campo de control de longitud fija 01854nam a2200361Ia 4500
001 - NÚMERO DE CONTROL
campo de control Para_10261
003 - IDENTIFICADOR DEL NÚMERO DE CONTROL
campo de control CHAP
008 - DATOS DE LONGITUD FIJA--INFORMACIÓN GENERAL
campo de control de longitud fija 220125s2013 xx 000 0 und d
010 ## - NÚMERO DE CONTROL DE LA BIBLIOTECA DEL CONGRESO
Número de control de LC 208949
020 ## - NÚMERO INTERNACIONAL ESTÁNDAR DEL LIBRO
Número Internacional Estándar del Libro 9789684182769 (Colección) \ 9789684182776 (v.1) \ 9789684182783 (v.2) \ 9789684182790 (v.3) \ 9789684182806 (v.4) \ 9789684182813 (v.5) \ 9789684182820 (v.6) \ 9789684182837 (v.7) \ 9789684182844 (v.8)
040 ## - FUENTE DE LA CATALOGACIÓN
Centro/agencia transcriptor CHAP
082 ## - NÚMERO DE LA CLASIFICACIÓN DECIMAL DEWEY
Número de clasificación PA 410 P63 2013
245 ## - MENCIÓN DE TÍTULO
Título El poder del lenguaje /
Mención de responsabilidad, etc. Haydée de Parra... [et al]
260 ## - PUBLICACIÓN, DISTRIBUCIÓN, ETC.
Lugar de publicación, distribución, etc. México :
Nombre del editor, distribuidor, etc. Ediciones Culturales Internacionales
300 ## - DESCRIPCIÓN FÍSICA
Extensión 8 v.
505 ## - NOTA DE CONTENIDO CON FORMATO
Nota de contenido con formato Contenido: v. 1. La gramática y sus componentes / Haydée de Parra -- v. 2. Los verbos y sus conjugaciones : 100 modelos conjugados y más de 10,000 verbos de uso cotidiano / Haydée de Parra -- v. 3. Escribir bien / Gloria María Sierra V. -- v. 4. Reglas de ortografía / Haydée de Parra -- v. 5. Aumente su vocabulario / Haydée de Parra -- v. 6. Análisis de lectura y escritos / Carlos Andrés Montañés -- v. 7. Estudiar, comprender y memorizar / Patricia Nieto -- v. 8. Hablar en público : ¡comunique, impacte y convenza / Andrés montañés G.
650 ## - PUNTO DE ACCESO ADICIONAL DE MATERIA--TÉRMINO DE MATERIA
Término de materia o nombre geográfico como elemento de entrada Comunicación oral
9 (RLIN) 26238
650 ## - PUNTO DE ACCESO ADICIONAL DE MATERIA--TÉRMINO DE MATERIA
Término de materia o nombre geográfico como elemento de entrada Escritura.
9 (RLIN) 157149
650 ## - PUNTO DE ACCESO ADICIONAL DE MATERIA--TÉRMINO DE MATERIA
Término de materia o nombre geográfico como elemento de entrada Español
Subdivisión general
-- Enseñanza
9 (RLIN) 175257
650 ## - PUNTO DE ACCESO ADICIONAL DE MATERIA--TÉRMINO DE MATERIA
Término de materia o nombre geográfico como elemento de entrada Español.
Subdivisión general
-- Ortografía
9 (RLIN) 175258
700 ## - PUNTO DE ACCESO ADICIONAL--NOMBRE DE PERSONA
Nombre de persona I.Parra de, Haydée, coaut.
9 (RLIN) 175259
700 ## - PUNTO DE ACCESO ADICIONAL--NOMBRE DE PERSONA
Nombre de persona II.Sierra V., Gloria María, coaut.
9 (RLIN) 175260
700 ## - PUNTO DE ACCESO ADICIONAL--NOMBRE DE PERSONA
Nombre de persona III.Montañés, Carlos Andrés, coaut.
9 (RLIN) 175261
700 ## - PUNTO DE ACCESO ADICIONAL--NOMBRE DE PERSONA
Nombre de persona IV.Nieto, Patricia, coaut.
9 (RLIN) 175262
700 ## - PUNTO DE ACCESO ADICIONAL--NOMBRE DE PERSONA
Nombre de persona V.Muñoz G., Andrés, coaut.
9 (RLIN) 175263
901 ## - ELEMENTOS DE DATOS A LOCAL LDA (RLIN)
a PA 410 P63 2013
902 ## - ELEMENTOS DE DATOS B LOCAL, LDB (RLIN)
a A
905 ## - ELEMENTOS DE DATOS E LOCAL, LDE (RLIN)
a 5232202013N an 8000000300 06
910 ## - DATOS DE OPCIÓN DEL USUARIO (OCLC)
Datos de opción del usuario 2013
942 ## - ELEMENTOS DE PUNTO DE ACCESO ADICIONAL (KOHA)
Tipo de ítem Koha Parasitologia_
942 ## - ELEMENTOS DE PUNTO DE ACCESO ADICIONAL (KOHA)
Tipo de ítem Koha Parasitologia_
-- 1
Holdings
Estado de retiro Estado de pérdida Fuente del sistema de clasificación o colocación Estado dañado No para préstamo Código de colección Localización permanente Ubicación/localización actual Fecha de adquisición Número de inventario Total de préstamos Renovaciones totales Signatura topográfica completa Código de barras Fecha visto por última vez Fecha del último préstamo Número de copia Precio válido a partir de Tipo de ítem Koha Nota pública
    Dewey Decimal Classification     General Parasitologia Agricola Parasitologia Agricola 02/06/2015 (PA_010466) (No. UACh 267712) 1 1 PA 410 P63 2013 4102003996 26/11/2025 19/11/2025 V.8 Ej.2 25/01/2022 Libro 3
    Dewey Decimal Classification     General Parasitologia Agricola Parasitologia Agricola 02/06/2015 (PA_010451 ) (No. UACh C/E)     PA 410 P63 2013 4102003981 25/01/2022   V.1 Ej.1 25/01/2022 Libro 3
    Dewey Decimal Classification     General Parasitologia Agricola Parasitologia Agricola 02/06/2015 (PA_010452) (No. UACh 267713)     PA 410 P63 2013 4102003983 25/01/2022   V.2 Ej.1 25/01/2022 Libro 3
    Dewey Decimal Classification     General Parasitologia Agricola Parasitologia Agricola 02/06/2015 (PA_010453) (No. UACh 267712)     PA 410 P63 2013 4102003985 25/01/2022   V.3 Ej.1 25/01/2022 Libro 3
    Dewey Decimal Classification     General Parasitologia Agricola Parasitologia Agricola 02/06/2015 (PA_010454) (No. UACh 267712)     PA 410 P63 2013 4102003987 25/01/2022   V.4 Ej.1 25/01/2022 Libro 3
    Dewey Decimal Classification     General Parasitologia Agricola Parasitologia Agricola 02/06/2015 (PA_010455) (No. UACh 267713)     PA 410 P63 2013 4102003989 25/01/2022   V.5 Ej.1 25/01/2022 Libro 3
    Dewey Decimal Classification     General Parasitologia Agricola Parasitologia Agricola 02/06/2015 (PA_010456) (No. UACh 267712)     PA 410 P63 2013 4102003991 25/01/2022   V.6 Ej.1 25/01/2022 Libro 3
    Dewey Decimal Classification     General Parasitologia Agricola Parasitologia Agricola 02/06/2015 (PA_010457) (No. UACh 267712)     PA 410 P63 2013 4102003993 25/01/2022   V.7 Ej.1 25/01/2022 Libro 3
    Dewey Decimal Classification     General Parasitologia Agricola Parasitologia Agricola 02/06/2015 (PA_010458) (No. UACh 267713)     PA 410 P63 2013 4102003995 25/01/2022   V.8 Ej.1 25/01/2022 Libro 3
    Dewey Decimal Classification     General Parasitologia Agricola Parasitologia Agricola 02/06/2015 (PA_010459) (No. UACh 267712)     PA 410 P63 2013 4102003982 25/01/2022   V.1 E.j2 25/01/2022 Libro 3
    Dewey Decimal Classification     General Parasitologia Agricola Parasitologia Agricola 02/06/2015 (PA_010460) (No. UACh 267712)     PA 410 P63 2013 4102003984 25/01/2022   V.2 Ej.2 25/01/2022 Libro 3
    Dewey Decimal Classification     General Parasitologia Agricola Parasitologia Agricola 02/06/2015 (PA_010461) (No. UACh 267713)     PA 410 P63 2013 4102003986 25/01/2022   V.3 Ej.2 25/01/2022 Libro 3
    Dewey Decimal Classification     General Parasitologia Agricola Parasitologia Agricola 02/06/2015 (PA_010462) (No. UACh 267712)     PA 410 P63 2013 4102003988 25/01/2022   V.4 Ej.2 25/01/2022 Libro 3
    Dewey Decimal Classification     General Parasitologia Agricola Parasitologia Agricola 02/06/2015 (PA_010463) (No. UACh 267712)     PA 410 P63 2013 4102003990 25/01/2022   V.5 Ej.2 25/01/2022 Libro 3
    Dewey Decimal Classification     General Parasitologia Agricola Parasitologia Agricola 02/06/2015 (PA_010464) (No. UACh 267713)     PA 410 P63 2013 4102003992 25/01/2022   V.6 Ej.2 25/01/2022 Libro 3
    Dewey Decimal Classification     General Parasitologia Agricola Parasitologia Agricola 02/06/2015 (PA_010465) (No. UACh 267713)     PA 410 P63 2013 4102003994 25/01/2022   V.7 Ej.2 25/01/2022 Libro 3